| 000 | 01338nam a2200289 a 4500 | ||
|---|---|---|---|
| 001 | 000026371 | ||
| 005 | 20200930024533.0 | ||
| 008 | 110315s2003 dr ad 001 0 spa d | ||
| 040 |
_aDO-SdBNP _bspa _cBNPHU |
||
| 082 |
_a370.97293 _bR426a |
||
| 110 | 1 |
_aRepública Dominicana. _bDespacho de la Primera Dama _91327 |
|
| 245 | 1 | 0 |
_aAmpliando las posibilidades de la juventud : _bestrategias educativas para superar la pobreza y la exclusión / _cCoordinadora Mercedes Escolar Arévalo ; colaboradores Oscar Amargós, Romain Lardot. |
| 260 |
_aSanto Domingo : _bUNESCO, _c2003. _fBúho |
||
| 300 |
_a120 p. : _bil., tablas ; _c29 cm. |
||
| 504 | _aIncluye bibliografía y notas al final de capítulos. | ||
| 504 | _aBibliografía: p. 115-120. | ||
| 590 | _aInventariado, 2018/VM | ||
| 650 | 4 |
_aEducación _xAspectos sociales _zRepública Dominicana _953399 |
|
| 650 | 4 |
_aPobreza _zRepública Dominicana _92079 |
|
| 651 | 4 |
_aRepública Dominicana _xCondiciones Sociales _946 |
|
| 651 | 4 |
_aRepública Dominicana _xCondiciones Económicas _9281 |
|
| 700 | 1 |
_aEscolar Arévalo, Mercedes, _ecoord. _953400 |
|
| 700 | 1 |
_aAmargós, Oscar, _ecol. _937077 |
|
| 700 | 1 |
_aLardot, Romain, _ecol. _953401 |
|
| 710 | 2 |
_aOrganización de las Naciones Unidas para la Educación, la Ciencia y la Cultura _911882 |
|
| 910 | _aValidado. Control de la calidad EMS | ||
| 999 |
_c25863 _d25863 |
||